| 000 | 00365nam a2200145Ia 4500 | ||
|---|---|---|---|
| 008 | 230312s9999||||xx |||||||||||||| ||und|| | ||
| 020 | _a9780495105275 | ||
| 082 |
_a519.52 _bLOH-S |
||
| 100 | _aLohr,L,Sharon | ||
| 245 | 0 | _aSampling : design and analysis | |
| 260 |
_bCengage _aMexico _c2010 |
||
| 300 | _a596 | ||
| 650 |
_aComputer _vSampling Studies |
||
| 942 | _cBK | ||
| 999 |
_c17968 _d17968 |
||